| 000 | 00523nam a2200181Ia 4500 | ||
|---|---|---|---|
| 999 |
_c29310 _d29310 |
||
| 003 | OSt | ||
| 005 | 20201230143748.0 | ||
| 008 | 190216s9999||||xx |||||||||||||| ||und|| | ||
| 020 | _a9788126416288 | ||
| 040 | _coclc | ||
| 082 |
_a894.8121 _bCHE/G |
||
| 100 |
_aCherusseri _97546 |
||
| 245 | 0 |
_aGopikadukhavum Mattu Pradhana kavyabhagangalum / _cCherusseri |
|
| 260 |
_bDc Books, _aKottayam: _c2007. |
||
| 300 | _a155p | ||
| 650 | _aKavithkal | ||
| 942 |
_cBK _2ddc _h894.8121 _iCHE/G _k894.8121 _mCHE/G |
||